| 000 | 00591nam a2200205 4500 | ||
|---|---|---|---|
| 999 |
_c1084 _d1084 |
||
| 001 | 12775 | ||
| 003 | BD-DhUAP | ||
| 005 | 20200202153752.0 | ||
| 008 | 200202s2002 bg ||||| |||| 001 0 eng d | ||
| 040 |
_aBD-DhUAP _bEng _cBD-DhUAP _dBD-DhUAP |
||
| 082 |
_223 _a343.5492056 CUS |
||
| 245 | _aThe Customs Act (IV of 1969). | ||
| 250 | _a1st ed. | ||
| 260 |
_aDhaka : _bEsrarul Huq Chowdhury, _c2002. |
||
| 300 |
_a[48], 580 pages ; _c25 cm. |
||
| 500 | _aIncludes index. | ||
| 650 |
_aCustoms administration _vLaw and legislation _zBangladesh. |
||
| 710 | _aDhaka law report. | ||
| 942 |
_2ddc _cBK |
||